The Earthscan reader on NGO management / (Record no. 11421)

MARC details
000 -LEADER
fixed length control field 00697nam a22002172 4500
001 - CONTROL NUMBER
control field 0000021286
005 - DATE AND TIME OF LATEST TRANSACTION
control field 20151217154454.0
008 - FIXED-LENGTH DATA ELEMENTS--GENERAL INFORMATION
fixed length control field 120307s xx 000 0 eng d
020 ## - INTERNATIONAL STANDARD BOOK NUMBER
International Standard Book Number 8175542292 :
040 ## - CATALOGING SOURCE
Original cataloging agency KABU
Transcribing agency KABU
245 14 - TITLE STATEMENT
Title The Earthscan reader on NGO management /
Statement of responsibility, etc. edited by Michael Edwards and Alan Fowler.
250 ## - EDITION STATEMENT
Edition statement 1st ed.
260 ## - PUBLICATION, DISTRIBUTION, ETC. (IMPRINT)
Place of publication, distribution, etc. New Delhi :
Name of publisher, distributor, etc. Earthscan India,
Date of publication, distribution, etc. 2003.
300 ## - PHYSICAL DESCRIPTION
Extent xiv, 464 p.
650 #0 - SUBJECT ADDED ENTRY--TOPICAL TERM
Topical term or geographic name as entry element Non-governmental organizations
General subdivision Management.
-- 0000182090
700 1# - ADDED ENTRY--PERSONAL NAME
Personal name Edwards, Michael.
-- 0000161074
700 1# - ADDED ENTRY--PERSONAL NAME
Personal name Fowler, Alan.
-- 0000182091
852 1# - LOCATION
-- p10670 KES
908 ## - PUT COMMAND PARAMETER (RLIN)
Put command parameter 120307
950 ## - LOCAL HOLDINGS (RLIN)
-- 1
Holdings
Withdrawn status Lost status Source of classification or shelving scheme Not for loan Home library Current library Date acquired Total Checkouts Full call number Barcode Date last seen Date last checked out Price effective from Koha item type
    Library of Congress Classification   Kabarak, Main Campus Kabarak, Main Campus 17/12/2015 1 HD62.6 .E27 2003 c. 1 20639 02/08/2024 15/07/2016 17/12/2015 General Collection
Designed with assistance from East African Informatics Ltd